=LDR 00000nam 2200000 4500 =001 INLIS000000000008884 =005 20130612100716 =008 ***********************************Ind** =035 ##$$0010-061300000008884 =041 ##$$a Ind =082 ##$$a 658.4 =090 ##$$a 658.4, kep k =245 ##$$a Kepemimpinan =260 ##$$a 1992 $b Semarang =300 ##$$a 100 hlm, 21cm =650 ##$$a Kepemimpinan =850 ##$$a NBPNMAT